Normal view
MARC view
- Abdul Rahman, Abdul Rais.
Entry Personal Name
001 - CONTROL NUMBER
- control field: 49487
003 - CONTROL NUMBER IDENTIFIER
- control field: OSt
005 - DATE AND TIME OF LATEST TRANSACTION
- control field: 20231004182927.0
008 - FIXED-LENGTH DATA ELEMENTS
- fixed length control field: 231004|| aca||aabn | a|a d
040 ## - CATALOGING SOURCE
- Original cataloging agency: OSt
- Transcribing agency: OSt
100 ## - HEADING--PERSONAL NAME
- Personal name: Abdul Rahman, Abdul Rais.
- Relator term: author.
670 ## - SOURCE DATA FOUND
- Source citation: Work cat.: (OSt): Abdul Rahman, Abdul Rais. author., Kafeteria Sihat' initiative in Malaysian public hospitals: , January-February 2020.
